[Event "NATO-ch 30th"]
[Site "Berlin"]
[Date "2019.09.17"]
[Round "2.30"]
[White "Stankowski, Aleksander"]
[Black "Sarnovska, Eira"]
[Result "0-1"]
[WhiteElo "2022"]
[BlackElo "1669"]
[PlyCount "86"]
[EventDate "2019.09.14"]
[EventType "team-swiss"]
[EventRounds "7"]
[EventCountry "GER"]
[SourceTitle "EXT 2020"]
[Source "ChessBase"]
[SourceDate "2019.10.17"]
[SourceVersion "1"]
[SourceVersionDate "2019.10.17"]
[SourceQuality "1"]
[WhiteTeam "NATO V"]
[BlackTeam "Latvia"]
[BlackTeamCountry "LAT"]

1. Nf3 d5 2. g3 Nf6 3. Bg2 g6 4. 0-0 Bg7 5. d3 c5 6. Nc3 Nc6 7. e4 dxe4 8. dxe4 0-0 9. Be3 Qa5 10. Nd2 Ng4 11. Nb3 Nxe3 12. fxe3 Qb4 13. Nd5 Qc4 14. Rf4 Be5 15. Bf1 Qa4 16. Nxc5 Qa5 17. Nb3 Qd8 18. Rf2 Bxb2 19. Rb1 Bg7 20. Rd2 Bd7 21. Nc5 Ne5 22. Nxb7 Bg4 23. Be2 Bxe2 24. Qxe2 Qe8 25. Nc7 Qc6 26. Nxa8 Rxa8 27. Rd8+ Rxd8 28. Nxd8 Qxe4 29. Rb8 Bf8 30. h3 Nf3+ 31. Kf2 Ng5 32. h4 Qf5+ 33. Ke1 Ne4 34. Rb5 Qh3 35. Qf3 Nd6 36. Rb8 Qd7 37. Nc6 Nc4 38. Qd5 Nd6 39. Ne5 Qc7 40. Qb3 Qa5+ 41. Ke2 Qxe5 42. c4 Nf5 43. g4 Nd4+ 0-1

[Event "POL-ch (Public Admin) 3rd rapid"]
[Site "Warsaw"]
[Date "2017.12.09"]
[Round "8.6"]
[White "Pietruszewski, Marcin"]
[Black "Stankowski, Aleksander"]
[Result "1/2-1/2"]
[WhiteElo "2148"]
[BlackElo "1971"]
[PlyCount "84"]
[EventDate "2017.12.09"]
[EventType "swiss (rapid)"]
[EventRounds "9"]
[EventCountry "POL"]
[SourceTitle "CBM 182 Extra"]
[Source "ChessBase"]
[SourceDate "2018.02.23"]
[SourceVersion "1"]
[SourceVersionDate "2018.02.23"]
[SourceQuality "1"]

1. e4 c6 2. d4 d5 3. Nc3 dxe4 4. Nxe4 Bf5 5. Ng3 Bg6 6. h4 h6 7. Nh3 e6 8. Nf4 Bh7 9. Bc4 Nf6 10. 0-0 Nd5 11. h5 Bd6 12. Nxd5 cxd5 13. Bb5+ Nc6 14. c4 dxc4 15. d5 a6 16. Bxc6+ bxc6 17. dxe6 fxe6 18. Qg4 Qf6 19. Re1 0-0 20. Qxe6+ Qxe6 21. Rxe6 Bxg3 22. fxg3 Rae8 23. Rxe8 Rxe8 24. Kf2 Bd3 25. Be3 Rf8+ 26. Bf4 Re8 27. Re1 Rxe1 28. Kxe1 Bf5 29. Kd2 Bg4 30. Kc3 Bxh5 31. Kxc4 Bf7+ 32. Kc5 Bxa2 33. Kxc6 Bc4 34. g4 g5 35. Bd6 Kf7 36. g3 Kf6 37. Bf8 Kg6 38. Kb6 Be2 39. b4 h5 40. gxh5+ Kxh5 41. Bd6 Kg4 42. Bc7 Kf5 1/2-1/2

[Event "Wroclaw op-B 7th"]
[Site "Wroclaw"]
[Date "2012.07.05"]
[Round "4"]
[White "Rimeikis, Andrius"]
[Black "Stankowski, Aleksander"]
[Result "1-0"]
[WhiteElo "2091"]
[BlackElo "1884"]
[PlyCount "123"]
[EventDate "2012.07.02"]
[EventType "swiss"]
[EventRounds "9"]
[EventCountry "POL"]
[SourceTitle "EXT 2013"]
[Source "ChessBase"]
[SourceDate "2012.11.22"]
[SourceVersion "1"]
[SourceVersionDate "2012.11.22"]
[SourceQuality "1"]

1. e4 c6 2. d4 d5 3. Nc3 dxe4 4. Nxe4 Bf5 5. Ng3 Bg6 6. h4 h6 7. Nf3 Nd7 8. h5 Bh7 9. Bd3 Bxd3 10. Qxd3 e6 11. Bf4 Qa5+ 12. Bd2 Bb4 13. c3 Be7 14. c4 Qc7 15. 0-0-0 Ngf6 16. Qe2 Rd8 17. Kb1 0-0 18. Ne4 Nxe4 19. Qxe4 Nf6 20. Qe2 Ng4 21. Rhe1 Bf6 22. Ne5 Nxe5 23. dxe5 Be7 24. Qe3 b6 25. Bc3 Bc5 26. Qe2 Qe7 27. f4 Qh4 28. Qf3 Rxd1+ 29. Rxd1 Rd8 30. Rxd8+ Qxd8 31. b4 Bg1 32. g3 b5 33. Qf1 Bb6 34. cxb5 cxb5 35. Qf3 Kf8 36. Kc2 Ke7 37. Qc6 Qd7 38. Qxd7+ Kxd7 39. Kd3 Bd8 40. Kd4 f5 41. exf6 Bxf6+ 42. Kd3 Kd6 43. Bd4 e5 44. fxe5+ Bxe5 45. Bxa7 Kd5 46. g4 Bf6 47. Be3 Be5 48. Bd2 Ke6 49. Bc3 Kd5 50. Kc2 Bd4 51. Bxd4 Kxd4 52. Kb3 Ke5 53. a4 bxa4+ 54. Kxa4 Kf4 55. b5 Kxg4 56. b6 Kxh5 57. b7 g5 58. b8Q Kg4 59. Qh2 h5 60. Kb4 h4 61. Qg2+ Kh5 62. Qf3+ 1-0

[Event "Rewal op-B 16th"]
[Site "Rewal"]
[Date "2011.08.28"]
[Round "9"]
[White "Stankowski, Aleksander"]
[Black "Sroka, Janusz"]
[Result "1/2-1/2"]
[WhiteElo "1863"]
[BlackElo "2088"]
[PlyCount "43"]
[EventDate "2011.08.18"]
[EventType "swiss"]
[EventRounds "9"]
[EventCountry "POL"]
[SourceTitle "CBM 144 Extra"]
[Source "ChessBase"]
[SourceDate "2011.10.28"]
[SourceVersion "1"]
[SourceVersionDate "2011.10.28"]
[SourceQuality "1"]

1. Nf3 d6 2. g3 Nf6 3. Bg2 g6 4. 0-0 Bg7 5. d3 0-0 6. Nc3 e5 7. e4 Nc6 8. Nh4 Nd4 9. Ne2 Nxe2+ 10. Qxe2 Nh5 11. Nf5 gxf5 12. Qxh5 fxe4 13. Bxe4 f5 14. Bg5 Qe8 15. Bd5+ Be6 16. Qxe8 Raxe8 17. Bxe6+ Rxe6 18. c3 f4 19. f3 Rg6 20. Bh4 fxg3 21. hxg3 Bh6 22. Rae1 1/2-1/2

[Event "Rewal op-B 16th"]
[Site "Rewal"]
[Date "2011.08.24"]
[Round "5"]
[White "Stankowski, Aleksander"]
[Black "Stankiewicz, Pawel"]
[Result "1/2-1/2"]
[WhiteElo "1863"]
[BlackElo "2064"]
[PlyCount "92"]
[EventDate "2011.08.18"]
[EventType "swiss"]
[EventRounds "9"]
[EventCountry "POL"]
[SourceTitle "CBM 144 Extra"]
[Source "ChessBase"]
[SourceDate "2011.10.28"]
[SourceVersion "1"]
[SourceVersionDate "2011.10.28"]
[SourceQuality "1"]

1. Nf3 Nf6 2. g3 g6 3. Bg2 Bg7 4. 0-0 0-0 5. d3 d5 6. Nc3 c6 7. e4 Bg4 8. h3 Bxf3 9. Bxf3 dxe4 10. Nxe4 Nbd7 11. Rb1 Qa5 12. a3 Rad8 13. Re1 Nxe4 14. Bxe4 f5 15. Bg2 e5 16. Bd2 Qc7 17. h4 Nf6 18. Qe2 Rde8 19. Bf3 e4 20. dxe4 Nxe4 21. Qc4+ Qf7 22. Qxf7+ Kxf7 23. Bb4 c5 24. Bxe4 cxb4 25. Bd5+ Kf6 26. axb4 b6 27. Ra1 Rxe1+ 28. Rxe1 Rd8 29. Re6+ Kf7 30. Rd6+ Ke7 31. Rxd8 Kxd8 32. Bg8 h6 33. c3 g5 34. Bh7 gxh4 35. gxh4 Bf6 36. Bxf5 Bxh4 37. c4 b5 38. cxb5 Bf6 39. b3 Bd4 40. Kg2 Ke7 41. f4 Kf6 42. Bh3 h5 43. Kf3 h4 44. Ke4 Bg1 45. Kd5 Be3 46. Kc6 Bxf4 1/2-1/2

[Event "Rewal op-B 16th"]
[Site "Rewal"]
[Date "2011.08.21"]
[Round "2"]
[White "Stankowski, Aleksander"]
[Black "Lewtak, Damian"]
[Result "1/2-1/2"]
[WhiteElo "1863"]
[BlackElo "2093"]
[PlyCount "127"]
[EventDate "2011.08.18"]
[EventType "swiss"]
[EventRounds "9"]
[EventCountry "POL"]
[SourceTitle "CBM 144 Extra"]
[Source "ChessBase"]
[SourceDate "2011.10.28"]
[SourceVersion "1"]
[SourceVersionDate "2011.10.28"]
[SourceQuality "1"]

1. Nf3 e6 2. g3 Nf6 3. Bg2 c5 4. 0-0 Nc6 5. d3 d5 6. Nc3 Be7 7. e4 0-0 8. Ng5 h6 9. Nh3 a6 10. f4 dxe4 11. Nxe4 Nxe4 12. Bxe4 f5 13. Bg2 Bf6 14. c3 Qd6 15. a4 Bd7 16. Be3 Rab8 17. Qc2 b6 18. Rfe1 Rfd8 19. Nf2 Ne7 20. Bd2 Nd5 21. Re2 b5 22. axb5 axb5 23. Ree1 b4 24. Reb1 Rb6 25. Nd1 Rdb8 26. Bxd5 exd5 27. cxb4 cxb4 28. Ra5 b3 29. Qc5 Qxc5+ 30. Rxc5 Bd4+ 31. Be3 Bxc5 32. Bxc5 Re6 33. Ne3 Rc6 34. d4 Be6 35. Ra1 g6 36. Kf2 Bf7 37. Ra7 Rb5 38. Ra8+ Kg7 39. Bf8+ Kf6 40. Bxh6 Rc2+ 41. Nxc2 bxc2 42. Bg5+ Kg7 43. Rc8 Rxb2 44. Ke3 Be8 45. Rc7+ Kg8 46. Kd2 Ba4 47. Be7 Ra2 48. Rc3 Ra1 49. Ba3 Rh1 50. h4 Kf7 51. Rc7+ Kf6 52. Rc3 Rd1+ 53. Ke3 Ra1 54. Kd2 Ke6 55. Bc1 Rb1 56. Ba3 Rd1+ 57. Ke3 Kd7 58. Bb2 Kd8 59. Ba3 Bb5 60. Bb2 Re1+ 61. Kf3 Ba4 62. Kf2 Re4 63. Rc4 Bb3 64. Rc3 1/2-1/2

[Event "POL-chT U19 3rd League"]
[Site "Wielkoposka"]
[Date "2011.02.26"]
[Round "7"]
[White "Musialkiewicz, Pawel"]
[Black "Stankowski, Aleksander"]
[Result "1/2-1/2"]
[WhiteElo "1955"]
[BlackElo "1790"]
[PlyCount "36"]
[EventDate "2011.02.26"]
[EventType "team-tourn"]
[EventRounds "9"]
[EventCountry "POL"]
[SourceTitle "EXT 2019"]
[Source "ChessBase"]
[SourceDate "2018.10.10"]
[SourceVersion "1"]
[SourceVersionDate "2018.10.10"]
[SourceQuality "1"]
[WhiteTeam "Poznan UMKS Na Pieterku U19 II"]
[BlackTeam "Zbaszyn MKS Wicher U19"]
[WhiteTeamCountry "POL"]
[BlackTeamCountry "POL"]

1. d4 Nf6 2. c4 g6 3. Nc3 Bg7 4. e4 d6 5. f3 0-0 6. Be3 Nc6 7. Qd2 a6 8. Nge2 Rb8 9. Nc1 e5 10. d5 Nd4 11. Nb3 Nxb3 12. axb3 c5 13. b4 cxb4 14. Na4 b5 15. cxb5 axb5 16. Qxb4 Ne8 17. Nc3 Bh6 18. Nd1 f5 1/2-1/2

[Event "POL-chT U19 3rd League"]
[Site "Wielkoposka"]
[Date "2011.02.??"]
[Round "4"]
[White "Stankowski, Aleksander"]
[Black "Niekras, Dawid"]
[Result "1-0"]
[WhiteElo "1790"]
[BlackElo "1789"]
[PlyCount "105"]
[EventDate "2011.02.26"]
[EventType "team-tourn"]
[EventRounds "9"]
[EventCountry "POL"]
[SourceTitle "EXT 2019"]
[Source "ChessBase"]
[SourceDate "2018.10.10"]
[SourceVersion "1"]
[SourceVersionDate "2018.10.10"]
[SourceQuality "1"]
[WhiteTeam "Zbaszyn MKS Wicher U19"]
[BlackTeam "Koscian Tecza U19"]
[WhiteTeamCountry "POL"]
[BlackTeamCountry "POL"]

1. Nf3 d5 2. g3 Nf6 3. Bg2 c5 4. 0-0 Nc6 5. d3 e6 6. Nc3 d4 7. Ne4 Be7 8. Nxf6+ Bxf6 9. e4 dxe3 10. fxe3 0-0 11. Nd2 Qc7 12. Ne4 Be7 13. Qh5 h6 14. b3 f5 15. Nc3 Bf6 16. Bd2 Nb4 17. Qd1 Rd8 18. a3 Nd5 19. Nxd5 exd5 20. Ra2 c4 21. Qh5 cxb3 22. cxb3 Qb6 23. b4 Bg5 24. d4 g6 25. Qe2 Be6 26. Rc2 Rac8 27. Rfc1 Rxc2 28. Rxc2 Bf7 29. Qd3 Re8 30. h4 Bf6 31. Kf2 f4 32. gxf4 Bxh4+ 33. Kf1 Kg7 34. Rc5 Rd8 35. a4 Be7 36. a5 Qd6 37. b5 Qd7 38. Rc1 Be6 39. b6 axb6 40. axb6 Bh3 41. Qe2 Bxg2+ 42. Kxg2 Bd6 43. Bb4 Bb8 44. Kf2 Qh3 45. Rg1 Re8 46. Qf3 Qf5 47. Rc1 Re4 48. Bd2 Qf6 49. Rc5 Bxf4 50. Rc7+ Bxc7 51. Qxf6+ Kxf6 52. bxc7 Re8 53. Ba5 1-0

[Event "Rewal op-B 15th"]
[Site "Rewal"]
[Date "2010.08.27"]
[Round "9"]
[White "Nun, Grzegorz"]
[Black "Stankowski, Aleksander"]
[Result "0-1"]
[WhiteElo "1712"]
[BlackElo "1804"]
[PlyCount "102"]
[EventDate "2010.08.18"]
[EventType "swiss"]
[EventRounds "9"]
[EventCountry "POL"]
[SourceTitle "EXT 2014"]
[Source "ChessBase"]
[SourceDate "2013.11.20"]
[SourceVersion "1"]
[SourceVersionDate "2013.11.20"]
[SourceQuality "1"]

1. e4 Nf6 2. Nc3 d6 3. d4 g6 4. f3 Bg7 5. Be3 0-0 6. Qd2 Nc6 7. 0-0-0 a6 8. g4 h5 9. g5 Nd7 10. f4 b5 11. f5 Nb6 12. d5 Na5 13. Bxb6 cxb6 14. Bd3 Nc4 15. Bxc4 bxc4 16. Rf1 b5 17. a3 Bd7 18. Nge2 a5 19. Nb1 b4 20. c3 Rb8 21. Rf2 Qb6 22. Rhf1 Be5 23. Ng1 bxc3 24. Nxc3 Bd4 25. Re2 Bxg1 26. Ree1 Bd4 27. f6 e5 28. dxe6 Bxe6 29. Rf3 Bg4 30. Rff1 Bxc3 31. Qxc3 Qb3 32. Re3 Qa2 33. Rfe1 Rb3 34. Qc2 Qa1+ 35. Qb1 Qxb1+ 36. Kxb1 Rfb8 37. Rxb3 Rxb3 38. Kc2 Kf8 39. h4 Ke8 40. a4 Kd7 41. Kc1 Ke6 42. Kc2 Ke5 43. Kb1 Bf3 44. Ka2 Bxe4 45. Re2 d5 46. Ka1 d4 47. Ka2 d3 48. Re1 Rb4 49. b3 c3 50. Rf1 d2 51. Rc1 dxc1N+ 0-1

[Event "POL-ch Liga3 U18"]
[Site "Koscielec"]
[Date "2009.01.31"]
[Round "2.1"]
[White "Stankowski, Aleksander"]
[Black "Simon, Marek"]
[Result "0-1"]
[WhiteElo "1707"]
[BlackElo "1641"]
[PlyCount "57"]
[EventDate "2009.01.31"]
[EventType "swiss"]
[EventRounds "9"]
[EventCountry "POL"]
[SourceTitle "EXT 2023"]
[Source "ChessBase"]
[SourceDate "2022.10.05"]
[SourceVersion "1"]
[SourceVersionDate "2022.10.05"]
[SourceQuality "1"]

1. e4 d5 2. exd5 Nf6 3. d4 Bg4 4. f3 Bf5 5. c4 e6 6. dxe6 Nc6 7. d5 Nb4 8. Qa4+ c6 9. Na3 Bc5 10. Bd2 Qd6 11. f4 Nh5 12. g3 Be4 13. Qd1 Nxg3 14. exf7+ Kf8 15. hxg3 Bxh1 16. Nh3 Qe7+ 17. Be2 Bg2 18. Nf2 Kxf7 19. Nc2 Rhe8 20. Bxb4 Bxb4+ 21. Nxb4 cxd5 22. Ng4 Bf3 23. Qd2 Qc5 24. Qd3 Qg1+ 25. Kd2 Qxa1 26. Qf5+ Kg8 27. Nxd5 Qxb2+ 28. Kd1 Qxe2+ 29. Kc1 0-1